| 000 | 00770nam a2200217 a 4500 | ||
|---|---|---|---|
| 008 | 951213s1979||||[C 0 slo c | ||
| 020 |
_c18 Kčs. _q(15000 výtl.) |
||
| 040 |
_aSNK _bslo _cSNK _eAACR2 |
||
| 041 | 1 |
_aslo _hrus |
|
| 044 |
_axo _cSK |
||
| 080 | _a1 100.1(081.1) | ||
| 100 | 1 |
_aLenin, Vladimír Iľjič _4aut |
|
| 245 | 1 | 0 |
_aZobrané spisy 2 _cVladimír Iľjič Lenin ; Hana Kovačičová, Oto Takáč |
| 250 | _a2., vyd. | ||
| 260 |
_aBratislava _bPravda _c1979 _eBratislava _fPravda |
||
| 300 |
_a777 s., 36,34 AH _c21 cm |
||
| 500 | _aLit. 81. Pozn. Reg. lit. prác a prameňov. Životopis. údaje. 81 zázn. lit. o knihách, čl. a čas. v jaz. slov., čes. a rus. | ||
| 700 | 1 |
_aKovačičová, Hana _4trl |
|
| 700 | 1 |
_aTakáč, Oto _4bkd |
|
| 958 | _aA | ||
| 999 |
_c15422 _d15422 |
||